[Event "Titled Tuesday intern op 30th Apr Early"]
[Site "Chess.com INT"]
[Date "2024.04.30"]
[Round "10"]
[White "Perez Gormaz, Matias Ariel"]
[Black "Zafirakos, Jesse"]
[Result "1-0"]
[WhiteElo "2382"]
[BlackElo "2022"]
[PlyCount "39"]
[EventDate "2024.04.30"]
[EventType "swiss (blitz)"]
[EventRounds "11"]
[EventCountry "USA"]
[SourceTitle "CB19_2024"]
[SourceDate "2024.05.08"]
[SourceVersion "1"]
[SourceVersionDate "2024.05.08"]
[SourceQuality "1"]

1. Nf3 Nf6 2. b3 g6 3. Bb2 Bg7 4. g3 c5 5. c4 0-0 6. Bg2 d6 7. d4 Ne4 8. 0-0 Nc6 9. e3 f5 10. Nc3 Nxc3 11. Bxc3 e5 12. dxe5 dxe5 13. Qd5+ Kh8 14. Qxc5 e4 15. Bxg7+ Kxg7 16. Rad1 Qf6 17. Nd4 Ne5 18. Nb5 Nd3 19. Qd4 Be6 20. Nc7 1-0

[Event "Titled Tuesday intern op 27th Feb Late"]
[Site "Chess.com INT"]
[Date "2024.02.27"]
[Round "4"]
[White "Mickiewicz, Piotr"]
[Black "Perez Gormaz, Matias Ariel"]
[Result "0-1"]
[WhiteElo "2239"]
[BlackElo "2388"]
[PlyCount "68"]
[EventDate "2024.02.27"]
[EventType "swiss (blitz)"]
[EventRounds "11"]
[EventCountry "USA"]
[SourceTitle "CB10_2024"]
[SourceDate "2024.03.06"]
[SourceVersion "1"]
[SourceVersionDate "2024.03.06"]
[SourceQuality "1"]

1. Nf3 d5 2. b3 f6 3. Bb2 e5 4. d4 e4 5. Nfd2 f5 6. e3 Nf6 7. c4 c6 8. Be2 Bd6 9. Ba3 0-0 10. Qc1 Be6 11. Bxd6 Qxd6 12. Qa3 Qc7 13. g3 Nbd7 14. Nc3 a6 15. Rc1 Qb8 16. cxd5 Nxd5 17. Na4 f4 18. gxf4 Nxf4 19. exf4 Qxf4 20. Kd1 Rad8 21. Nc3 Nf6 22. Kc2 Bf5 23. Bc4+ Kh8 24. Ne2 Qh6 25. Ng3 Bg6 26. Kc3 b5 27. Be2 e3 28. Nf3 exf2 29. Kb2 Nd5 30. Qc5 Qe3 31. Rc3 Nxc3 32. Qxc3 Qf4 33. Rf1 c5 34. dxc5 b4 0-1

[Event "CHI-ch"]
[Site "Santiago"]
[Date "2024.02.23"]
[Round "7"]
[White "Amigo Quintana, Antu"]
[Black "Perez Gormaz, Matias Ariel"]
[Result "0-1"]
[WhiteElo "2040"]
[BlackElo "2388"]
[PlyCount "90"]
[EventDate "2024.02.19"]
[EventType "swiss"]
[EventRounds "11"]
[EventCountry "CHI"]
[SourceTitle "CB09_2024"]
[SourceDate "2024.02.28"]
[SourceVersion "1"]
[SourceVersionDate "2024.02.28"]
[SourceQuality "1"]

1. d4 Nf6 2. Nf3 e6 3. Bf4 Be7 4. Nbd2 c5 5. e3 b6 6. c3 0-0 7. h3 cxd4 8. exd4 d6 9. Bd3 Ba6 10. Bxa6 Nxa6 11. Qe2 Nc7 12. 0-0 b5 13. a4 a6 14. Rfc1 Qd7 15. a5 Rfc8 16. Nb3 Ncd5 17. Bg5 Qb7 18. Bxf6 Bxf6 19. Qe4 Rc7 20. Rc2 Rac8 21. Rac1 Rc6 22. g3 R8c7 23. h4 Qc8 24. Qe2 h6 25. Nh2 Rc4 26. Ng4 Qb7 27. Qe4 Qc8 28. Ne3 Nxe3 29. fxe3 Ra4 30. Qf3 Be7 31. Kh2 d5 32. e4 dxe4 33. Qxe4 Bd6 34. Rf2 b4 35. c4 Rxc4 36. Rxc4 Qxc4 37. Qa8+ Kh7 38. Qe4+ f5 39. Qe3 Qd5 40. Re2 Ra2 41. Qd3 Kg8 42. Qxa6 Bxg3+ 43. Kxg3 Qxb3+ 44. Kf4 Kf7 45. Qb6 g5+ 0-1

[Event "CHI-ch"]
[Site "Santiago"]
[Date "2024.02.21"]
[Round "4"]
[White "Perez Gormaz, Matias Ariel"]
[Black "Carrasco Miranda, Andres"]
[Result "1/2-1/2"]
[WhiteElo "2388"]
[BlackElo "2234"]
[PlyCount "94"]
[EventDate "2024.02.19"]
[EventType "swiss"]
[EventRounds "11"]
[EventCountry "CHI"]
[SourceTitle "CB09_2024"]
[SourceDate "2024.02.28"]
[SourceVersion "1"]
[SourceVersionDate "2024.02.28"]
[SourceQuality "1"]

1. e4 e5 2. Nf3 Nc6 3. Bb5 Nf6 4. d3 Bc5 5. Bxc6 dxc6 6. Nbd2 Bd6 7. Nc4 Nd7 8. d4 Qe7 9. 0-0 0-0 10. Re1 Re8 11. h3 Qe6 12. Ncxe5 Nxe5 13. dxe5 Bxe5 14. Nxe5 Qxe5 15. Re3 Be6 16. Bd2 Rad8 17. Qc1 f6 18. Bc3 Qf4 19. Qe1 Rd7 20. Qe2 Red8 21. a3 b6 22. Re1 a5 23. Rf3 Qh6 24. Rg3 Qf4 25. Re3 Qh4 26. Qf3 a4 27. g4 Rf7 28. Qf4 c5 29. Qh2 h5 30. Qg3 Qxg3+ 31. Rxg3 hxg4 32. hxg4 Rfd7 33. f4 Rd1 34. Kf2 Rxe1 35. Kxe1 Kf7 36. Kf2 Rh8 37. f5 Bd7 38. g5 Rh4 39. Ke3 Bc6 40. gxf6 Rxe4+ 41. Kd3 gxf6 42. Rg6 c4+ 43. Kd2 Bd7 44. Rh6 Rf4 45. Rh7+ Ke8 46. Bxf6 Rxf5 47. Re7+ Kd8 1/2-1/2

[Event "CHI-ch"]
[Site "Santiago"]
[Date "2024.02.20"]
[Round "2"]
[White "Perez Gormaz, Matias Ariel"]
[Black "Tapia Wenderoth, Vicente"]
[Result "1-0"]
[WhiteElo "2388"]
[BlackElo "2021"]
[PlyCount "81"]
[EventDate "2024.02.19"]
[EventType "swiss"]
[EventRounds "11"]
[EventCountry "CHI"]
[SourceTitle "CB09_2024"]
[SourceDate "2024.02.28"]
[SourceVersion "1"]
[SourceVersionDate "2024.02.28"]
[SourceQuality "1"]

1. d4 Nf6 2. c4 e6 3. g3 Bb4+ 4. Bd2 Be7 5. Bg2 d5 6. Nf3 0-0 7. 0-0 Ne4 8. Nc3 Nxd2 9. Qxd2 dxc4 10. Rfd1 c6 11. Ne5 Qc7 12. Nxc4 Rd8 13. Rac1 Nd7 14. Qc2 Nb6 15. Ne5 Bf6 16. Ne4 Be7 17. h4 Nd7 18. Nf3 Nf6 19. Nc5 Bd7 20. Re1 Rab8 21. e4 h6 22. e5 Nd5 23. Qe4 Qa5 24. a3 Be8 25. h5 b6 26. Nb3 Qa4 27. Nfd2 Rbc8 28. Bf1 c5 29. Bd3 g6 30. hxg6 fxg6 31. Qg4 Kg7 32. Qxe6 Rc6 33. Qg4 h5 34. Qe4 Bf7 35. Rc4 Nb4 36. axb4 Bxc4 37. Bxc4 Rxd4 38. Nxd4 cxd4 39. b3 Qxb4 40. Qxc6 Qxd2 41. Ra1 1-0

[Event "CHI-ch"]
[Site "Santiago"]
[Date "2024.02.19"]
[Round "1"]
[White "Bulgarini Torre, Marco"]
[Black "Perez Gormaz, Matias Ariel"]
[Result "0-1"]
[WhiteElo "1820"]
[BlackElo "2388"]
[PlyCount "106"]
[EventDate "2024.02.19"]
[EventType "swiss"]
[EventRounds "11"]
[EventCountry "CHI"]
[SourceTitle "CB09_2024"]
[SourceDate "2024.02.28"]
[SourceVersion "1"]
[SourceVersionDate "2024.02.28"]
[SourceQuality "1"]

1. e4 c5 2. d4 cxd4 3. c3 dxc3 4. Nxc3 Nc6 5. Nf3 d6 6. Bc4 a6 7. 0-0 Nf6 8. Nd5 e6 9. Nxf6+ Qxf6 10. Bd2 Qxb2 11. Rb1 Qa3 12. Qc2 Be7 13. Be3 Qa5 14. Bb6 Qh5 15. Rfd1 0-0 16. Bc7 e5 17. Bxd6 Bxd6 18. Rxd6 Bg4 19. Be2 Rac8 20. Qd2 Rc7 21. Rc1 h6 22. h3 Bxf3 23. Bxf3 Qg5 24. Qd1 Rfc8 25. g3 Nd4 26. Rxc7 Rxc7 27. Kg2 Qe7 28. Rd5 Rc5 29. Qa4 Rxd5 30. exd5 Nb5 31. Qc4 Nd6 32. Qc5 e4 33. Be2 Qe5 34. Bd1 g6 35. Bb3 Kg7 36. Qb6 h5 37. h4 Qf6 38. Bd1 Kg8 39. Qc5 Kh7 40. Qb6 Kg7 41. Qc5 Nf5 42. Bb3 Qe5 43. Qb6 e3 44. fxe3 Qxg3+ 45. Kf1 Qxe3 46. Qxb7 Qd2 47. d6 Ne3+ 48. Kg1 Qe1+ 49. Kh2 Qxh4+ 50. Kg1 Qg3+ 51. Kh1 Qh3+ 52. Kg1 Qf1+ 53. Kh2 Ng4+ 0-1

[Event "Araraquara op 2nd"]
[Site "Araraquara"]
[Date "2024.02.11"]
[Round "3"]
[White "Haraguchi, Diego Sashaki"]
[Black "Perez Gormaz, Matias Ariel"]
[Result "0-1"]
[WhiteElo "1967"]
[BlackElo "2388"]
[PlyCount "64"]
[EventDate "2024.02.10"]
[EventType "swiss"]
[EventRounds "7"]
[EventCountry "BRA"]
[SourceTitle "CB09_2024"]
[SourceDate "2024.02.28"]
[SourceVersion "1"]
[SourceVersionDate "2024.02.28"]
[SourceQuality "1"]

1. d4 Nf6 2. c4 e6 3. Nf3 d5 4. g3 Bb4+ 5. Bd2 Be7 6. Bg2 0-0 7. Qc2 Nbd7 8. 0-0 c6 9. Bf4 a5 10. b3 b6 11. Nc3 Ba6 12. Rfd1 Rc8 13. e4 dxc4 14. Qe2 Bb4 15. Rac1 b5 16. bxc4 bxc4 17. Nb1 Bb5 18. Qc2 Nb6 19. Nc3 Bxc3 20. Qxc3 Nxe4 21. Qxa5 Ra8 22. Qe1 Nf6 23. Ne5 Nfd5 24. Ra1 Nxf4 25. gxf4 Nd5 26. f5 exf5 27. a4 Rxa4 28. Rxa4 Bxa4 29. Rc1 Bb5 30. Nxc4 Nf4 31. Qd2 Qg5 32. Ne3 Nxg2 0-1

[Event "Titled Tuesday intern op 06th Feb Late"]
[Site "Chess.com INT"]
[Date "2024.02.06"]
[Round "1"]
[White "Bogaudinov, Rushan"]
[Black "Perez Gormaz, Matias Ariel"]
[Result "1-0"]
[WhiteElo "1853"]
[BlackElo "2388"]
[PlyCount "107"]
[EventDate "2024.02.06"]
[EventType "swiss (blitz)"]
[EventRounds "11"]
[EventCountry "USA"]
[SourceTitle "CB07_2024"]
[SourceDate "2024.02.14"]
[SourceVersion "1"]
[SourceVersionDate "2024.02.14"]
[SourceQuality "1"]

1. d4 d5 2. Nf3 Nf6 3. e3 e6 4. Be2 Bd6 5. 0-0 0-0 6. b3 c5 7. Bb2 cxd4 8. Nxd4 Re8 9. c4 dxc4 10. Bxc4 a6 11. Nc3 b5 12. Be2 Bb7 13. Bf3 Qb6 14. Bxb7 Qxb7 15. Rc1 Nbd7 16. Qf3 Qxf3 17. Nxf3 Rac8 18. Rfd1 Bf8 19. Kf1 Rc7 20. Ke2 Rec8 21. Nb1 Nd5 22. Rxc7 Rxc7 23. Rc1 Rxc1 24. Bxc1 Bb4 25. a3 Bd6 26. Bb2 f5 27. h3 Nc5 28. Nfd2 Kf7 29. b4 Na4 30. Bc1 g5 31. Kd3 h5 32. Nb3 h4 33. Bd2 Nb2+ 34. Kc2 Nc4 35. Bc1 Nf6 36. f3 Nd5 37. Kd3 Kf6 38. Nc3 Nxc3 39. Kxc3 Be5+ 40. Kc2 Bd6 41. Kc3 Ke5 42. a4 Nb6 43. axb5 axb5 44. Nd4 Nd5+ 45. Kb3 Nxb4 46. Nxb5 Nd3 47. Bd2 Kd5 48. Nc3+ Kc5 49. Ne2 Be5 50. f4 gxf4 51. exf4 Bd6 52. Ng1 Kd5 53. Nf3 Bxf4 54. Kc2 1-0

[Event "Sao Paulo Sampa op"]
[Site "Sao Paulo"]
[Date "2024.02.01"]
[Round "5"]
[White "Perez Gormaz, Matias Ariel"]
[Black "Vargas, Gabriela"]
[Result "1/2-1/2"]
[WhiteElo "2388"]
[BlackElo "2084"]
[PlyCount "69"]
[EventDate "2024.01.29"]
[EventType "swiss"]
[EventRounds "9"]
[EventCountry "BRA"]
[SourceTitle "CB06_2024"]
[SourceDate "2024.02.07"]
[SourceVersion "1"]
[SourceVersionDate "2024.02.07"]
[SourceQuality "1"]

1. e4 e6 2. d3 d5 3. Nd2 c5 4. Ngf3 Nc6 5. g3 Bd6 6. Bg2 Nge7 7. 0-0 0-0 8. Nh4 b5 9. f4 c4 10. Kh1 a5 11. e5 Bc5 12. Ndf3 cxd3 13. cxd3 Nd4 14. Nxd4 Bxd4 15. Nf3 Bb6 16. g4 d4 17. Nxd4 Qxd4 18. Bxa8 Nd5 19. Qf3 Rd8 20. Re1 Qc5 21. Bxd5 exd5 22. d4 Qb4 23. Be3 Bxd4 24. Bxd4 Qxd4 25. f5 Qb6 26. Rac1 Bb7 27. Kg2 d4 28. Re4 d3 29. Kg3 Bxe4 30. Qxe4 d2 31. Rd1 Rd4 32. Qa8+ Rd8 33. Qe4 Rd4 34. Qa8+ Rd8 35. Qe4 1/2-1/2

[Event "Florianopolis op 10th"]
[Site "Florianopolis"]
[Date "2024.01.26"]
[Round "8"]
[White "Perez Gormaz, Matias Ariel"]
[Black "De Borba, Gabriel"]
[Result "1-0"]
[WhiteElo "2388"]
[BlackElo "2171"]
[PlyCount "188"]
[EventDate "2024.01.20"]
[EventType "swiss"]
[EventRounds "10"]
[EventCountry "BRA"]
[SourceTitle "CB05_2024"]
[SourceDate "2024.01.31"]
[SourceVersion "1"]
[SourceVersionDate "2024.01.31"]
[SourceQuality "1"]

1. e4 d6 2. d4 Nf6 3. Nc3 c6 4. Nf3 Qa5 5. Bd2 e5 6. dxe5 dxe5 7. Nd5 Qd8 8. Nxf6+ gxf6 9. Nh4 Qd4 10. Bd3 Rg8 11. Qh5 Rg7 12. Nf5 Bxf5 13. Qxf5 Nd7 14. 0-0 0-0-0 15. Rfd1 Bc5 16. Bh6 Rg6 17. Be3 Qb4 18. c3 Qb6 19. Bxc5 Qxc5 20. Rd2 Kc7 21. Be2 Qe7 22. Rad1 Rgg8 23. Qxh7 Nc5 24. Rxd8 Rxd8 25. Rxd8 Kxd8 26. Bh5 Ke8 27. Qg8+ Qf8 28. Bxf7+ Ke7 29. Qxf8+ Kxf8 30. Bg6 Na4 31. Kf1 Nxb2 32. Ke2 Kg7 33. Bf5 Nc4 34. Be6 Nd6 35. f3 Kh6 36. g3 Kg5 37. Ke3 c5 38. a4 b6 39. Kd3 Kh5 40. Kc2 Kg5 41. Kd2 Kh5 42. Ke3 Kg5 43. f4+ Kh5 44. Kf3 Nb7 45. Bf7+ Kh6 46. Be6 Nd6 47. Ke3 Kh5 48. h3 a6 49. Bg4+ Kg6 50. Be2 a5 51. Bd3 Nb7 52. Bc4 Nd6 53. Be6 Kh5 54. Bd5 Nc8 55. Kf3 Nd6 56. Ke3 Nc8 57. Be6 Nd6 58. Bg4+ Kg6 59. Be2 Ne8 60. h4 Nd6 61. g4 Nc8 62. Bb5 Nd6 63. Bd3 Nc8 64. Kf3 Nd6 65. Kg3 c4 66. Bc2 b5 67. fxe5 fxe5 68. Kf3 b4 69. cxb4 axb4 70. Ke3 Nb7 71. Kd2 Na5 72. Bd1 Nb7 73. Bc2 Na5 74. Bd1 Nb7 75. Kc2 Na5 76. Be2 Kf6 77. Bf1 Kg6 78. Bxc4 Nxc4 79. Kb3 Nd2+ 80. Kxb4 Nxe4 81. a5 Nd6 82. a6 Nc8 83. Kc5 Kf6 84. Kd5 Ne7+ 85. Kc5 Nc8 86. Kc4 Nd6+ 87. Kd3 Nb5 88. Ke3 Na7 89. Ke4 Nb5 90. g5+ Ke6 91. h5 Nc3+ 92. Kd3 Nb5 93. h6 Kf7 94. Ke4 Ke8 1-0

[Event "Florianopolis op 10th"]
[Site "Florianopolis"]
[Date "2024.01.21"]
[Round "2"]
[White "Perez Gormaz, Matias Ariel"]
[Black "Silva, Adriano Da"]
[Result "1-0"]
[WhiteElo "2388"]
[BlackElo "1926"]
[PlyCount "53"]
[EventDate "2024.01.20"]
[EventType "swiss"]
[EventRounds "10"]
[EventCountry "BRA"]
[SourceTitle "CB05_2024"]
[SourceDate "2024.01.31"]
[SourceVersion "1"]
[SourceVersionDate "2024.01.31"]
[SourceQuality "1"]

1. e4 d6 2. d4 Nf6 3. Nc3 g6 4. Nf3 Bg7 5. Be2 0-0 6. 0-0 b6 7. e5 Nfd7 8. Re1 Nc6 9. exd6 cxd6 10. d5 Ncb8 11. Bg5 Nf6 12. Qd4 Bb7 13. Qh4 Nbd7 14. Rad1 a6 15. a4 Rc8 16. Nd4 Re8 17. Nc6 Qc7 18. Nb4 Nc5 19. Bf1 Ra8 20. Re3 Nh5 21. Bxe7 f6 22. Rde1 Kf7 23. Nc6 Bxc6 24. dxc6 Rxe7 25. Rxe7+ Qxe7 26. Rxe7+ Kxe7 27. Nd5+ 1-0

[Event "Oruro Baptista Memorial"]
[Site "Oruro"]
[Date "2023.11.04"]
[Round "8"]
[White "Perez Gormaz, Matias Ariel"]
[Black "Cordero, Daniela"]
[Result "1-0"]
[WhiteElo "2400"]
[BlackElo "2029"]
[PlyCount "43"]
[EventDate "2023.11.01"]
[EventType "swiss"]
[EventRounds "9"]
[EventCountry "BOL"]
[SourceTitle "Mega2024 Update 01"]
[Source "Chessbase"]
[SourceDate "2023.11.12"]
[SourceVersion "1"]
[SourceVersionDate "2023.11.12"]
[SourceQuality "1"]

1. e4 e6 2. d4 d5 3. Nd2 a6 4. Ngf3 c5 5. dxc5 dxe4 6. Nxe4 Qxd1+ 7. Kxd1 Bd7 8. Ne5 Bc6 9. Nxc6 Nxc6 10. c3 Nf6 11. Nxf6+ gxf6 12. Be3 Rc8 13. Kc2 Ne5 14. h3 f5 15. Rd1 Ng6 16. g3 Be7 17. Be2 Bf6 18. Rd6 f4 19. gxf4 Nh4 20. Bh5 Ke7 21. Rhd1 Rc7 22. c6 1-0

[Event "Cancun Camara Cup 11th"]
[Site "Cancun"]
[Date "2023.10.14"]
[Round "6"]
[White "Perez Gormaz, Matias Ariel"]
[Black "Fernandez Cardoso, Alexey"]
[Result "1-0"]
[WhiteElo "2387"]
[BlackElo "2429"]
[PlyCount "63"]
[EventDate "2023.10.11"]
[EventType "swiss"]
[EventRounds "9"]
[EventCountry "MEX"]
[SourceTitle "Mega2024 Update 01"]
[Source "Chessbase"]
[SourceDate "2023.11.12"]
[SourceVersion "1"]
[SourceVersionDate "2023.11.12"]
[SourceQuality "1"]

1. e4 c5 2. Nf3 e6 3. d4 cxd4 4. Nxd4 a6 5. c4 Nf6 6. Nc3 Qc7 7. a3 d6 8. Bd3 g6 9. 0-0 Bg7 10. Be3 0-0 11. Rc1 Nbd7 12. f3 Ne5 13. Be2 Bd7 14. b3 Qa5 15. Qd2 Rfe8 16. b4 Qc7 17. Nd1 Rac8 18. Nf2 Qb8 19. f4 Nc6 20. Nb3 e5 21. f5 gxf5 22. Bh6 f4 23. Bxg7 Kxg7 24. g3 Qa7 25. c5 Be6 26. gxf4 Bxb3 27. Rc3 Nd4 28. fxe5 dxe5 29. Qg5+ Kf8 30. Qxf6 Nxe2+ 31. Kh1 Nxc3 32. Qh6+ 1-0

[Event "South America-ch 1st"]
[Site "Lima"]
[Date "2023.09.22"]
[Round "9"]
[White "Perez Gormaz, Matias Ariel"]
[Black "Navarro Ariza, Justin Jeshua"]
[Result "1-0"]
[WhiteElo "2391"]
[BlackElo "1904"]
[PlyCount "36"]
[EventDate "2023.09.14"]
[EventType "swiss"]
[EventRounds "9"]
[EventCountry "PER"]
[SourceTitle "EXT 2024"]
[Source "ChessBase"]
[SourceDate "2023.10.10"]
[SourceVersion "1"]
[SourceVersionDate "2023.10.10"]
[SourceQuality "1"]

1. e4 c5 2. Nc3 Nc6 3. Nf3 g6 4. Bb5 Nd4 5. Bc4 Bg7 6. Nxd4 cxd4 7. Qf3 e6 8. Nb5 Be5 9. c3 dxc3 10. d4 cxb2 11. Bxb2 a6 12. dxe5 axb5 13. Bb3 Qh4 14. 0-0 b6 15. g3 Qh5 16. Qd3 Ne7 17. Bd1 Qh3 18. Qe3 Bb7 1-0

[Event "South America-ch 1st"]
[Site "Lima"]
[Date "2023.09.20"]
[Round "7"]
[White "Perez Gormaz, Matias Ariel"]
[Black "Reyes Zavaleta, Fabian Ricardo"]
[Result "1-0"]
[WhiteElo "2391"]
[BlackElo "2051"]
[PlyCount "73"]
[EventDate "2023.09.14"]
[EventType "swiss"]
[EventRounds "9"]
[EventCountry "PER"]
[SourceTitle "EXT 2024"]
[Source "ChessBase"]
[SourceDate "2023.10.10"]
[SourceVersion "1"]
[SourceVersionDate "2023.10.10"]
[SourceQuality "1"]

1. e4 c5 2. Nf3 d6 3. d4 cxd4 4. Nxd4 a6 5. Nc3 e6 6. g4 h6 7. Rg1 Nc6 8. Be3 Nf6 9. Nxc6 bxc6 10. Qf3 d5 11. 0-0-0 Qa5 12. Bd4 Bb7 13. Bg2 Nxe4 14. Nxe4 dxe4 15. Qb3 0-0-0 16. Bxe4 Bd6 17. h4 Bh2 18. Rh1 Bf4+ 19. Kb1 Be5 20. Bb6 Rxd1+ 21. Rxd1 Qb5 22. a4 Qxb3 23. cxb3 Bc7 24. Be3 Bd8 25. h5 Be7 26. Bb6 Bf6 27. Kc2 Be5 28. b4 Rf8 29. f3 Bf6 30. Kb3 Be7 31. Rc1 Kd7 32. b5 Rc8 33. Bd4 Bf8 34. Rd1 Ke8 35. Be5 Ba8 36. bxa6 c5 37. Bb7 1-0

[Event "South America-ch Rapid 1st"]
[Site "Lima"]
[Date "2023.09.17"]
[Round "6"]
[White "Perez Gormaz, Matias Ariel"]
[Black "Terry, Renato"]
[Result "1/2-1/2"]
[WhiteElo "2391"]
[BlackElo "2520"]
[PlyCount "98"]
[EventDate "2023.09.16"]
[EventType "swiss (rapid)"]
[EventRounds "9"]
[EventCountry "PER"]
[SourceTitle "EXT 2024"]
[Source "ChessBase"]
[SourceDate "2023.10.10"]
[SourceVersion "1"]
[SourceVersionDate "2023.10.10"]
[SourceQuality "1"]

1. e4 c6 2. d4 d5 3. e5 c5 4. c3 Nc6 5. Be2 Bf5 6. Nf3 e6 7. 0-0 Rc8 8. dxc5 Bxc5 9. Nbd2 Nge7 10. Nb3 Bb6 11. Nbd4 Bxd4 12. Nxd4 Nxd4 13. Qxd4 Nc6 14. Bb5 a6 15. Bxc6+ Rxc6 16. Be3 0-0 17. a4 Qc7 18. f4 f6 19. a5 Be4 20. Rf2 h6 21. h3 Kh7 22. Ra4 f5 23. Rb4 Rf7 24. Rb6 Rxb6 25. Qxb6 Qxb6 26. Bxb6 g5 27. g3 Rf8 28. Bc5 Rg8 29. Kh2 Kg6 30. Rf1 Rc8 31. Bd4 Kh5 32. Ra1 Rg8 33. Rg1 Kg6 34. Ra1 Kf7 35. Be3 Bc2 36. Rc1 Bd3 37. Rd1 Be2 38. Rd4 Bc4 39. Kg1 g4 40. h4 Ke7 41. b3 Bb5 42. Rb4 Kd7 43. Bd4 Rc8 44. Kf2 Rc6 45. Ke3 Rc8 46. Kd2 Rc6 47. Be3 Rc8 48. Bd4 Rc6 49. Be3 Rc8 1/2-1/2

[Event "South America-ch Rapid 1st"]
[Site "Lima"]
[Date "2023.09.16"]
[Round "4"]
[White "Perez Gormaz, Matias Ariel"]
[Black "Zuniga Terrazas, Jorge"]
[Result "1-0"]
[WhiteElo "2391"]
[BlackElo "1919"]
[PlyCount "47"]
[EventDate "2023.09.16"]
[EventType "swiss (rapid)"]
[EventRounds "9"]
[EventCountry "PER"]
[SourceTitle "EXT 2024"]
[Source "ChessBase"]
[SourceDate "2023.10.10"]
[SourceVersion "1"]
[SourceVersionDate "2023.10.10"]
[SourceQuality "1"]

1. d4 d5 2. Bf4 c6 3. e3 Nf6 4. Nf3 e6 5. Nbd2 Be7 6. Bd3 Nbd7 7. h4 a6 8. Ne5 c5 9. c3 Qb6 10. Rb1 Bd6 11. Nec4 dxc4 12. Nxc4 Qc6 13. Nxd6+ Kf8 14. 0-0 b5 15. e4 c4 16. Bc2 Bb7 17. a4 Ne8 18. Nxb7 Qxb7 19. axb5 axb5 20. Ra1 Ke7 21. Rxa8 Qxa8 22. Qa1 Nd6 23. e5 Nf5 24. Qb1 1-0